000 01383cam a2200289 a 4500
001 15101772
003 GBCCL
005 20241126110428.0
008 071204s2008 iluab b 000 0 eng
010 _a 2007049610
020 _a9780830834228 (pbk. : alk. paper)
040 _aDLC
_cDLC
_dDLC
050 0 0 _aBT1003
_b.L58 2008
082 0 0 _a239
_222
_bLIT
100 1 _aLittle, Paul E.
_94976
245 1 0 _aKnow why you believe /
_cPaul E. Little.
250 _aIndian ed.
260 _aBombay :
_bJyoti pocketbooks,
_c1980.
300 _a110 p. :
_c21 cm.
504 _aIncludes bibliographical references.
505 0 _aIntroduction: How this book began -- Is Christianity rational? -- Is there a God? -- Is Christ God? -- Did Christ rise from the dead? -- Is the Bible God's Word? -- Are the Bible documents reliable? -- Does archaeology verify Scripture? -- Are miracles possible? -- Do science & Scripture agree? -- Why does God allow suffering & evil? -- Does Christianity differ from other world religions? -- Is Christian experience valid? -- Study questions.
650 0 _aApologetics.
_985
856 4 1 _3Table of contents only
_uhttp://www.loc.gov/catdir/toc/ecip086/2007049610.html
906 _a7
_bcbc
_corignew
_d1
_eecip
_f20
_gy-gencatlg
942 _2ddc
_cBK
_068
999 _c2403
_d2403